| 000 | 01336nam a22003257a 4500 | ||
|---|---|---|---|
| 001 | ENG-90589 | ||
| 005 | 2008072407077.0 | ||
| 006 | a|||||r|||||00| 0 | ||
| 008 | 080724t xxu||||| |||| 00| 0 eng d | ||
| 010 | _aENG-90589 | ||
| 020 |
_a0070224005 _c375.00 |
||
| 035 | _aEN-74122 | ||
| 037 | _bDBAD / PUB | ||
| 040 | _aDPL | ||
| 082 | _a332.6 | ||
| 100 |
_aFerri, Richard A. _932 |
||
| 245 |
_aAll about asset allocation : _bthe easy way to get started / _cRichard A. Ferri. |
||
| 260 |
_aNew Delhi _bTata McGraw-Hill Publishing _c2008 |
||
| 300 |
_axv, 302 p. : _bill. _c23 cm. |
||
| 490 | _a"All about--" finance series | ||
| 500 | _aIncludes bibliographical references and index. | ||
| 650 | _aAsset allocation. | ||
| 830 |
_a"All about--" finance series. _934 |
||
| 856 |
_3Table of contents only _uhttp://www.loc.gov/catdir/toc/ecip059/2005006147.html |
||
| 856 | _uhttp://www.loc.gov/catdir/enhancements/fy0621/2005006147-b.html | ||
| 856 | _uhttp://www.loc.gov/catdir/enhancements/fy0621/2005006147-d.html | ||
| 942 |
_2ddc _cEN _h332.6 _mFER |
||
| 999 |
_c14570 _d14570 |
||